header

Language and aging in multilingual contexts (Record no. 107481)

MARC details
000 -LEADER
fixed length control field 02035nam a2200373 a 4500
082 04 - DEWEY DECIMAL CLASSIFICATION NUMBER
Classification number 306.44/6
100 1# - MAIN ENTRY--AUTHOR NAME
Personal name De Bot, Kees.
245 10 - TITLE STATEMENT
Title Language and aging in multilingual contexts
260 ## - PUBLICATION, DISTRIBUTION, ETC. (IMPRINT)
Place of publication Clevedon ;
-- Buffalo :
Name of publisher Multilingual Matters Ltd.,
Year of publication c2005.
300 ## - PHYSICAL DESCRIPTION
Number of Pages vi, 162 p.
490 1# - SERIES STATEMENT
Series statement Bilingual education and bilingualism ;
650 #0 - SUBJECT ADDED ENTRY--TOPICAL TERM
Topical Term Multilingualism.
Topical Term Aging.
700 1# - ADDED ENTRY--PERSONAL NAME
Personal name Makoni, Sinfree.
856 40 - ELECTRONIC LOCATION AND ACCESS
Uniform Resource Identifier http://site.ebrary.com/lib/rucke/Doc?id=10110148

No items available.

© 2026 Rongo University
Contact us: librarian | system librarian | Rongo university